Logo de partis politiques français - Statistiques

Statistiques générales
  • Ce quiz a été pris 66 fois
    65 depuis la dernière actualisation
  • Le résultat moyen est 8 sur 12
Statistiques - réponses
Par images Réponse % Correct
La France insoumise
95%
Les Républicains
95%
Parti socialiste
91%
Renaissance
85%
Les Écologistes
75%
Place publique
73%
Parti communiste français
69%
Mouvement démocrate
62%
Horizons
45%
Union des démocrates indépendants
42%
Volt
40%
Parti radical
16%
Aucun quiz correspondant
Distribution des résultats
% des personnes avec chaque résultat
Percentile par nombre de réponses
Votre historique - résultats
Vous n’avez pas pris ce quiz depuis la dernière actualisation